000
00250nam a22001217a 4500
008
171013b xxu||||| |||| 00| 0 eng d
041
_a
eng
080
_a
316
100
_a
51
101
_a
SOC
245
_a
SOCIOLOGY
_c
NEWMAN, D.M
942
_2
udc
_c
BK
999
_c
33739
_d
33739